Physics of the solar system (Record no. 15659)

MARC details
000 -LEADER
fixed length control field 00765nam a2200217Ia 4500
003 - CONTROL NUMBER IDENTIFIER
control field IN-BaIIA
008 - FIXED-LENGTH DATA ELEMENTS--GENERAL INFORMATION
fixed length control field 211028s9999 xx 000 0 eng d
020 ## - INTERNATIONAL STANDARD BOOK NUMBER
International Standard Book Number 1-4020-1509-7
040 ## - CATALOGING SOURCE
Transcribing agency IIA Library
080 ## - UNIVERSAL DECIMAL CLASSIFICATION NUMBER
Universal Decimal Classification number 52(082.1)
Item number ASS-293
100 ## - MAIN ENTRY--PERSONAL NAME
Personal name Bertotti, B
9 (RLIN) 28868
245 #0 - TITLE STATEMENT
Title Physics of the solar system
Remainder of title dynamics and evolution, space physics and space time structure
Statement of responsibility, etc. B. Bertotti, P. Farinella and D. Vokrouhlicky
260 ## - PUBLICATION, DISTRIBUTION, ETC.
Place of publication, distribution, etc. Dordrecht
Name of publisher, distributor, etc. Kluwer Academic
Date of publication, distribution, etc. 2003
300 ## - PHYSICAL DESCRIPTION
Extent xx, 701p.
490 ## - SERIES STATEMENT
Series statement Astrophysics and space science library; v. 293
650 ## - SUBJECT ADDED ENTRY--TOPICAL TERM
Topical term or geographic name entry element Astrophysics
9 (RLIN) 794
650 ## - SUBJECT ADDED ENTRY--TOPICAL TERM
Topical term or geographic name entry element Space physics
9 (RLIN) 3812
700 ## - ADDED ENTRY--PERSONAL NAME
Personal name Farinella, P.
9 (RLIN) 28869
700 ## - ADDED ENTRY--PERSONAL NAME
Personal name Vokrouhlicky, D.
9 (RLIN) 28870
942 ## - ADDED ENTRY ELEMENTS (KOHA)
Koha item type Books
Holdings
Withdrawn status Lost status Damaged status Not for loan Home library Current library Shelving location Date acquired Source of acquisition Cost, normal purchase price Total Checkouts Full call number Barcode Date last seen Cost, replacement price Price effective from Koha item type Purchase Price
        IIA Library-Bangalore IIA Library-Bangalore General Stacks 22/04/2004 ANJ 3436.80   52(082.1)/ ASS-293 16581 05/11/2021 3436.80 22/04/2004 Books Rs. 3436.80

Powered by Koha